Vaidic sahitya meim manav kartavya/ (Record no. 48710)

000 -LEADER
fixed length control field 00381nam a22001451a 4500
082 ## - DEWEY DECIMAL CLASSIFICATION NUMBER
Classification number S 294.592 1
Item number MOH/V
100 ## - MAIN ENTRY--AUTHOR NAME
Personal name Mohammad Haneef Sastri
245 ## - TITLE STATEMENT
Title Vaidic sahitya meim manav kartavya/
Statement of responsibility, etc by Mohammad Haneef Sastri
260 ## - PUBLICATION, DISTRIBUTION, ETC. (IMPRINT)
Place of publication Delhi,
Name of publisher Sashta prakashan:
Year of publication 1989.
300 ## - PHYSICAL DESCRIPTION
Number of Pages 200p.
650 ## - SUBJECT ADDED ENTRY--TOPICAL TERM
Topical Term Vedic Literature
650 ## - SUBJECT ADDED ENTRY--TOPICAL TERM
Topical Term Hinduism
650 ## - SUBJECT ADDED ENTRY--TOPICAL TERM
Topical Term Religion
942 ## - ADDED ENTRY ELEMENTS (KOHA)
Koha item type Book
Holdings
Withdrawn status Lost status Damaged status Not for loan Permanent Location Current Location Date acquired Cost, normal purchase price Full call number Accession Number Cost, replacement price Price effective from Koha item type
        Sree Sankaracharya University of Sanskrit Sree Sankaracharya University of Sanskrit 08.01.2015 72.00 S 294.592 1 MOH/V 042378 0.00 08.01.2015 Book